Στατιστική : για την Γ' τάξη του Ενιαίου Λυκείου μάθημα επιλογής

Αποθηκεύτηκε σε:
Λεπτομέρειες βιβλιογραφικής εγγραφής
Συλλογικό Έργο: Υπουργείο Εθνικής Παιδείας και Θρησκευμάτων, Παιδαγωγικό Ινστιτούτο
Άλλοι συγγραφείς: Γεωργιακώδης, Φώτης Α.
Μορφή: Βιβλίο
Γλώσσα:Greek
Δημοσίευση: Αθήνα : Οργανισμός Εκδόσεως Διδακτικών Βιβλίων, 1999.
Θέματα:
Ετικέτες: Προσθήκη ετικέτας
Δεν υπάρχουν, Καταχωρήστε ετικέτα πρώτοι!

MARC

LEADER 00000cam a2200000 i 4500
001 1/22677
008 021220s1999 gr | ||| |||| ||gre||
035 |l 10082208 
040 |a GR-MyUA  |b gre  |e AACR2 
041 0 |a gre 
082 0 |a 519.5  |2 (22) 
245 1 0 |a Στατιστική :   |b για την Γ' τάξη του Ενιαίου Λυκείου μάθημα επιλογής /   |c Γεωργιακώδης Φώτης... [κ.α.] ; Υπουργείο Εθνικής Παδείας και Θρησκευμάτων, Παιδαγωγικό Ινστιτούτο.  
260 |a Αθήνα :   |b Οργανισμός Εκδόσεως Διδακτικών Βιβλίων,   |c 1999.  
300 |a 265 σ. :   |b εικ. ;   |c 23 εκ.  
650 0 0 |a Statistics  |x Study and teaching (Higher) 
700 1 |a Γεωργιακώδης, Φώτης Α. 
710 2 |a Υπουργείο Εθνικής Παιδείας και Θρησκευμάτων. 
710 2 |a Παιδαγωγικό Ινστιτούτο. 
852 |a INST  |b LESVOS  |e 20060124  |h 519.5 ΣΤΑ  |p 005100027943  |q 005100027943  |t BK  |y 0 
852 |a INST  |b SAMOS  |e 20021220  |h 519.5 ΣΤΑ  |p 005300020937  |q 005300020937  |t BK  |y 0 
852 |a INST  |b SAMOS  |e 20050331  |h 519.5 ΣΤΑ  |p 005300025248  |q 005300025248  |t BK  |y 0 
901 |a BIBL3-2005-1 
901 |a BIBL3-2002-3 
901 |a BIBL1-2006-1 
909 |a Λ  |b 118652 
909 |a Σ  |b 114447 
909 |a Σ  |b 086483 
920 |a ΛΥΚΕΙΟ ΚΑΡΛΟΒΑΣΟΥ  |y Σάμος  |z 2001-04 
970 |a ΜΑΛΑΓΑΡΗ  |b ΦΩΤΕΙΝΗ  |z 2005/03/31